Statistiques concernant Personnages de la série Caméra Café

Cliquez ici pour prendre le quiz!

Statistiques générales

  • Ce quiz a été pris 93 fois
  • Le résultat moyen est 11 sur 16

Statistiques - réponses

Personnages% Correct
Hervé Dumont
97%
Jean-Claude Convenant
97%
Sylvain Müller
96%
Maéva Capucin
95%
Jean-Guy Lecointre
93%
Jeanne Bignon
89%
André Markowicz
85%
Nancy Langeais
79%
Vincent Schneider
79%
Julie Hassan
75%
Carole Dussier-Belmont
71%
Serge Touati
66%
Philippe Gatin
60%
Annie Lepoutre
29%
Eva Kovalsky
22%
Stanislas Priziwielsky
3%

Distribution des résultats

Percentile par nombre de réponses

% des personnes avec chaque résultat

Votre développement - résultats

Vous n’avez pas pris ce quiz